Differential Diagnosis / (Record no. 1657)

MARC details
000 -LEADER
fixed length control field 00488pam a2200193 a 4500
020 ## - INTERNATIONAL STANDARD BOOK NUMBER
Terms of availability
040 ## - CATALOGING SOURCE
Original cataloging agency Medical College Libr
041 ## - LANGUAGE CODE
Language code of text/sound track or separate title ENG
Language code of original ENG
082 ## - DEWEY DECIMAL CLASSIFICATION NUMBER
Classification number 616.075
Item number TRI
100 ## - MAIN ENTRY--PERSONAL NAME
Personal name Tripathy, A. C. .
245 ## - TITLE STATEMENT
Title Differential Diagnosis /
Statement of responsibility, etc.
Medium Textual Documents
260 ## - PUBLICATION, DISTRIBUTION, ETC.
Place of publication, distribution, etc. :
Name of publisher, distributor, etc. Paras Medical Publisher ,
Date of publication, distribution, etc. 1997.
300 ## - PHYSICAL DESCRIPTION
Extent 120 ;
Dimensions
365 ## - TRADE PRICE
Price type code 150=00
653 ## - INDEX TERM--UNCONTROLLED
Uncontrolled term Medical Science
930 ## - EQUIVALENCE OR CROSS-REFERENCE-UNIFORM TITLE HEADING [LOCAL, CANADA]
Uniform title 1658
Holdings
Withdrawn status Lost status Damaged status Not for loan Home library Current library Date acquired Total Checkouts Full call number Barcode Date last seen Copy number Price effective from Koha item type
        Medical College, Pune Medical College, Pune 01/01/1900   616.075 TRI MCP-4061 06/02/2023 1 06/02/2023 Book